000 00704nam a2200229 a 4500
005 20260427133444.0
008 260416s2026##################000#0#eng##
020 _a9780406000415
_qhbk
041 _aeng
082 0 4 _a348.42 ALL(R)
100 _aBridgman.L,G.F
245 1 0 _aThe All England Law Reports Reprint
_bBeing a Selection from the Law Times Reports 1843-1935
_cEdited by G.F.L Bridgman
260 _aUnited Kingdom
_bButterworth and Co LTD
_c1960
300 _a802p. :
_c22cm.
650 _a Laws, regulations & cases
700 _aOsborne.H,R.D
700 _aSwingland.W,O.M
700 _aSummerfield,Henry
700 _aKinder A,G
700 _aMiss Plummer R,M
942 _cENGLISH
999 _c619450
_d619450